000 00649nam a22001697a 4500
005 20231030085850.0
008 231030b |||||||| |||| 00| 0 eng d
020 _a9780409060478 ; 9780409060485
041 _aEnglish
082 _a347.7 VAN
100 _aVan Niekerk, SJ, Geyer HF and Mundell, ARG
_lEnglish
245 _aSummary Judgement A practical guide :
_bBeing the Law and Practice of Summary Judgement in South Africa /
_cSJ Van Niekerk, HF Geyer and ARG Mundell
260 _aDurban :
_bLexisNexis (Pty) Ltd,
_c2022
300 _bxii, 11-50 pages ;
_c26 cm.
650 _aLegal practice
_bLaw
942 _cBK
_6ALISON_BN_VRIES
999 _c129
_d129